[Event "Bushehr Lian op 7th"]
[Site "Bushehr"]
[Date "2015.11.11"]
[Round "1"]
[White "Khosravanian, Hosein"]
[Black "Barzigar Touchahi, Behrang"]
[Result "0-1"]
[WhiteElo "1576"]
[BlackElo "2185"]
[PlyCount "58"]
[EventDate "2015.11.11"]
[EventType "swiss"]
[EventRounds "9"]
[EventCountry "IRI"]
[SourceTitle "CBM 169 Extra"]
[Source "ChessBase"]
[SourceDate "2015.12.18"]
[SourceVersion "1"]
[SourceVersionDate "2015.12.18"]
[SourceQuality "1"]

1. e4 c6 2. d4 d5 3. e5 Bf5 4. h4 h6 5. g4 Bd7 6. h5 e6 7. f4 c5 8. c3 Nc6 9. Nf3 Qb6 10. Rh2 0-0-0 11. Be3 Kb8 12. Qc2 Rc8 13. Qb3 Qa5 14. Nbd2 cxd4 15. cxd4 Nb4 16. Nc4 Nd3+ 17. Kd1 dxc4 18. Qc2 Ba4 19. b3 cxb3 20. Qxc8+ Kxc8 21. Ke2 b2 22. Rb1 Bc2 23. Rxb2 Nxb2 24. Bd2 Qd5 25. Bg2 Be4 26. Ke3 Nc4+ 27. Ke2 Nxd2 28. Kxd2 Bxf3 29. Bxf3 Qxf3 0-1